Urban Naxalism and Naxal Terror/ (Record no. 173017)

MARC details
000 -LEADER
fixed length control field 00581nam a22001937a 4500
005 - DATE AND TIME OF LATEST TRANSACTION
control field 20200217162858.0
010 ## - LCCN (DPL NO)
LC control number ENG-127858
020 ## - INTERNATIONAL STANDARD BOOK NUMBER
Terms of availability 895.00
International Standard Book Number 9789380920788
035 ## - SYSTEM CONTROL NUMBER
System control number EN-111390
037 ## - SOURCE OF ACQUISITION
Source of stock number/acquisition DBAD/PUB
082 ## - DEWEY DECIMAL CLASSIFICATION NUMBER
Classification number 322.420954
100 ## - MAIN ENTRY--PERSONAL NAME
Personal name Parashad,N.N
245 ## - TITLE STATEMENT
Title Urban Naxalism and Naxal Terror/
Statement of responsibility, etc N.N.Prasad
260 ## - PUBLICATION, DISTRIBUTION, ETC. (IMPRINT)
Place of publication, distribution, etc New Delhi
Date of publication, distribution, etc 2019
Name of publisher, distributor, etc Sun Shine Books
270 ## - ADDRESS
Address 4760-4761, 2nd Floor, 23 Ansari Road, Daryaganj,
Postal code 110002
City New Delhi
300 ## - PHYSICAL DESCRIPTION
Extent 200p.
Other physical details 23cm(hb)
500 ## - GENERAL NOTE
General note Includes Bibliography and Index
942 ## - ADDED ENTRY ELEMENTS (KOHA)
Source of classification or shelving scheme Dewey Decimal Classification
Item type English Books
Classification part PRA
Call number prefix 322.420954
Holdings
Withdrawn status Lost status Not for loan Collection code Home library Current library Date acquired Source of acquisition Cost, normal purchase price Full call number Barcode Copy number Cost, replacement price Koha item type
      Non-fiction Central Library Central Library 17/02/2020 DBAD/PUB 895.00 PRA EN-111390 1 895.00 English Books

© Delhi Public Library
Hit Counter
free hit counter